000 01443nam a22003137a 4500
001 BR2014007123
003 BR-BrBNA
005 20230928104525.0
007 ta
008 230509b bl.||||| |||| 00| 0 por d
040 _aBR-BrBNA
_bpor
_cBiblioteca Nacional de Agricultura
041 _a(Por)
072 _aK10; E14
090 _ K10 BR2014007123
110 1 _aInstituto Chico Mendes de Conservação da Biodiversidade, Curitiba, PR (Brasil)
_95959
245 1 _aPlano de manejo da Floresta Nacional do Crepori, localizada no estado do Pará: sumário executivo; v. 1 - informações gerais; v. 2 - planejamento; v. 3 - planos de manejo das florestas nacionais do Crepori, Jamanxim e Amana, localizadas no estado do Pará; relatório consolidado da avaliação ecológica rápida da flona do Crepori; relatório do meio físico da flona do Crepori; relatório da socioeconomia da Floresta Nacional do Crepori; relatório da oficina de planejamento participativo; relatório do inventário florestal da Floresta Nacional do Crepori
260 3 _aCuritiba, PR (Brasil):
_c2009-2010.
300 _av. 1-3
650 _aFLORESTA
650 _aECOLOGIA FLORESTAL
650 _aZONEAMENTO ECOLOGICO
650 _aZONEAMENTO FLORESTAL
650 _aPRESERVAÇÃO DA NATUREZA
650 _aPRÁTICA CULTURAL
650 _aPROGRAMA DE DESENVOLVIMENTO
650 _aPARÁ
909 _a202309
_bLucia
_c55
_dLucia Elande
942 _cBK
999 _c80385
_d80385